Warlords : (Record no. 127110)

MARC details
000 -LEADER
campo de control de longitud fija 01494nam a22002537a 4500
003 - IDENTIFICADOR DE NÚMERO DE CONTROL
campo de control BJBSDDR
005 - FECHA Y HORA DE LA ÚLTIMA TRANSACCIÓN
campo de control 20260515155035.0
007 - CAMPO FIJO DE DESCRIPCIÓN FÍSICA--INFORMACIÓN GENERAL
campo de control de longitud fija ta
008 - DATOS DE LONGITUD FIJA--INFORMACIÓN GENERAL
campo de control de longitud fija 260515s2006 nyu||||| |||| 00| 0 eng d
020 ## - NÚMERO INTERNACIONAL ESTÁNDAR DEL LIBRO
Número Internacional Estándar del Libro 9780306815386
020 ## - NÚMERO INTERNACIONAL ESTÁNDAR DEL LIBRO
Número Internacional Estándar del Libro 0306815389
040 ## - FUENTE DE CATALOGACIÓN
Lengua de catalogación spa
Centro/agencia transcriptor BJBSDDR
041 ## - CÓDIGO DE IDIOMA
Código de lengua del texto/banda sonora o título independiente eng
050 ## - SIGNATURA TOPOGRÁFICA DE LA BIBLIOTECA DEL CONGRESO
Número de ítem B542 2006
100 1# - ENTRADA PRINCIPAL--NOMBRE DE PERSONA
Nombre de persona Berthon, Simon
9 (RLIN) 16631
245 10 - MENCIÓN DEL TÍTULO
Título Warlords :
Resto del título an extraordinary re-creation of World War II through the eyes and minds of Hitler, Churchill, Roosevelt, and Stalin /
Mención de responsabilidad, etc. Simon Berthon, Joanna Potts
260 ## - PUBLICACIÓN, DISTRIBUCIÓN, ETC.
Lugar de publicación, distribución, etc. New York :
Nombre del editor, distribuidor, etc. Da Capo,
Fecha de publicación, distribución, etc. 2006
300 ## - DESCRIPCIÓN FÍSICA
Extensión 358 pages :
Otras características físicas illustrations ;
Dimensiones 22 cm
505 ## - NOTA DE CONTENIDO CON FORMATO
Nota de contenido con formato May 13-July 31, 1940<br/>August 1, 1940-March 26, 1941<br/>March 27-June 21, 1941<br/>June 22-August 8, 1941<br/>August 9- December 7, 1941<br/>Decmber 7, 1941-January 16, 1942<br/>January 17-Jun 21, 1942<br/>June 22-August 19, 1942<br/>August 19, 1942-April 9, 1943<br/>April 13-September 7, 1943<br/>September 8-November 28, 1943<br/>November 28, 1943-June 5, 1944<br/>June 6-August 24, 1944<br/>August 24, 1944-February 3, 1945<br/>February 3-April 11, 1945<br/>
520 ## - RESUMEN, ETC.
Sumario, etc. Delivers a blow-by-blow account of each leader's attempts to outmaneuver and outwit the other leaders in personal battles that set the stage for the seismic shift in world power that followed. Provides insight into the minds and actions of these warlords of the twentieth century as they faced history's greatest conflict and each other
700 1# - ENTRADA AGREGADA--NOMBRE PERSONAL
Nombre de persona Potts, Joanna
9 (RLIN) 16632
942 ## - ELEMENTOS DE ENTRADA SECUNDARIOS (KOHA)
Fuente del sistema de clasificación o colocación Clasificación de Library of Congress
Suprimir en OPAC No
Tipo de ítem Koha Libro
946 ## - PROCESAMIENTO DE INFORMACIÓN LOCAL (OCLC)
Iniciales del agente catalogador cmc
Holdings
Estatus retirado Estado de pérdida Fuente del sistema de clasificación o colocación Estado de daño No para préstamo Colección Biblioteca de origen Biblioteca actual Ubicación en estantería Fecha de adquisición Signatura topográfica completa Código de barras Visto por última vez Copia número Tipo de ítem Koha
    Clasificación de Library of Congress     Automatización y Procesos Técnicos Biblioteca Juan Bosch Biblioteca Juan Bosch Automatización y Procesos Técnicos (1er. Piso) 15/05/2026 B542 2006 00000199807 15/05/2026 1 Libro